Autoridad, obediencia y educación

Gespeichert in:
Bibliographische Detailangaben
1. Verfasser: Esteve Zarazaga, José Manuel (VerfasserIn)
Format: Buch
Sprache:Spanisch
Veröffentlicht: Madrid Narcea 1977
Schriftenreihe:Educación Hoy
Schlagworte:
Tags: Tag hinzufügen
Keine Tags, Fügen Sie den ersten Tag hinzu!

MARC

LEADER 00000nam a2200000 a 4500
001 UCQ8753
003 CL-VaPUC
008 981217e19770000SP |||||||||||||||||spa|d
082 0 4 |a 302.35  |b EST  |2 21 
100 0 |a Esteve Zarazaga, José Manuel  |e author  |9 422926 
245 1 0 |a Autoridad, obediencia y educación 
300 |a 240 p 
942 |c BK 
945 |d 19981217 00:00:00  |a cmena 
260 |a Madrid  |b Narcea  |c 1977 
650 0 |a Autoritarismo  |9 295297 
650 7 |a RELACIONES JERARQUICAS  |2 CL-VaPUC  |9 422928 
650 7 |a PODER  |2 CL-VaPUC  |9 422929 
650 0 |a Clases sociales  |9 256858 
650 7 |a DISCIPLINA  |2 CL-VaPUC  |9 308401 
650 7 |a OBEDIENCIA  |2 CL-VaPUC  |9 376616 
650 0 |a Liderazgo  |9 271835 
650 0 |a Relaciones interpersonales  |9 307056 
650 0 |a Aspectos sociales  |9 254894 
650 0 |a Aspectos psicológicos  |9 258128 
650 7 |a EDUCACION Y AUTORIDAD  |2 CL-VaPUC  |9 422930 
650 0 |a Sociología de la educación   |9 260380 
583 |a last modification  |c 19981217 00:00:00  |k Rodrigo Vera 
490 0 |a Educación Hoy 
999 |c 277933  |d 277931 
952 |0 0  |1 0  |4 0  |6 302_350000000000000_EST_1977  |7 0  |8 A  |9 316213  |a BIBMAT  |b BIBMAT  |c E_DIDACT  |d 2019-11-20  |i 1479814  |o 302.35 EST 1977  |p 1479814  |r 2025-01-07  |w 2019-11-20  |y BK  |k MAT